Business intelligence v architektúre orientovanej na služby

Dôvody zavádzania Business intelligence (BI). Charakteristika Business intelligence. Business process management - manažérska disciplína, ktorá sústreďuje pozornosť na tvorbu pridanej hodnoty. Architektúra orientovaná na služby. Potreba ponúknuť v správnom čase správne služby na základe požiadaviek...

Descrizione completa

Salvato in:
Dettagli Bibliografici
Autore principale: Hamranová, Anna, 1957-
Natura: Capitolo di libro
Lingua:slovacco
Soggetti:
Tags: Aggiungi Tag
Nessun Tag, puoi essere il primo ad aggiungerne!!

MARC

LEADER 00000naa$a2200000$$$4500
001 0097251
005 20240502072057.6
041 0 |a slo 
044 |a SK 
245 1 0 |a Business intelligence v architektúre orientovanej na služby  |c Anna Hamranová 
520 |a Dôvody zavádzania Business intelligence (BI). Charakteristika Business intelligence. Business process management - manažérska disciplína, ktorá sústreďuje pozornosť na tvorbu pridanej hodnoty. Architektúra orientovaná na služby. Potreba ponúknuť v správnom čase správne služby na základe požiadaviek zákazníkov. Všadeprítomná Business intelligence (pervasive BI). 
610 2 0 |a riadenie podnikové 
610 2 0 |a riadenie procesné 
610 2 0 |a technológie informačné 
610 2 0 |a technológie komunikačné 
610 2 0 |a softvér 
610 2 0 |a služby 
100 1 |a Hamranová, Anna, 1957-